THE ALLYN & BACON GUIDE TO WRITING (Record no. 251268)
[ view plain ]
| 000 -LEADER | |
|---|---|
| fixed length control field | 00308nam a22001217a 4500 |
| 020 ## - INTERNATIONAL STANDARD BOOK NUMBER | |
| ISBN | 9780205823147 |
| 100 ## - MAIN ENTRY--AUTHOR NAME | |
| Personal name | RAMAGE JOHN D,BEAN JOHN C,JOHNSON JUNE |
| 245 ## - TITLE STATEMENT | |
| Title | THE ALLYN & BACON GUIDE TO WRITING |
| 250 ## - EDITION STATEMENT | |
| Edition statement | 6TH ED |
| 260 ## - PUBLICATION, DISTRIBUTION, ETC. (IMPRINT) | |
| Place of publication | NEW-YORK |
| Name of publisher | PEARSON-LONGMAN |
| Year of publication | 2010 |
| 300 ## - PHYSICAL DESCRIPTION | |
| Number of Pages | 734 |
| Other physical details | ILL |
| 942 ## - ADDED ENTRY ELEMENTS (KOHA) | |
| Koha item type | Long Loan Books |
No items available.
